000 00205 a2200097 4500
001 43668
100 _aMosby
245 _aThe observant reader
260 _aLondon
_bJohn Murray
_c
090 _c27462
_d27462
942 _aNUST-CAE
_cM
_c19405
999 _c278741
_d278741